000 01069nam0a22002651 4500
001 rc\4108957
005 20250611000710.0
021 _aRU
_b[54-35316]
035 _a(NLR Aleph) 007977460
090 _a8498533
_c8498533
100 _a20130415d1954 |||y0rusy50 ca
101 0 _arus
102 _aRU
105 _aa z |||||
200 1 _aНаши мишени
_eСатира и юмор. ленингр. поэтов
_fИл. Вл. Гальба
210 _aЛенинград
_cЛениздат
_d1954
215 _a156 с.
_cил.
_d23
327 0 _aРазделы: За спиною статуи Свободы; Изживаемое, но не изжитое; Эпиграммы; Веселая лирика
464 0 _12001#$aЗа спиною статуи Свободы$aИзживаемое, но не изжитое$aЭпиграммы$aВеселая лирика
_tВеселая лирика
702 1 _aГальба
_bВл.
_4440
801 0 _aRU
_bNLR
_gpsbo
801 1 _aRU
_bELAR
_2rusmarc
852 _aNLR
_jЛ30 Г-5/844
942 _cBOOK
980 _aNB